000 006680000a22001810004500
003 MACL
005 20160531122654.0
008 160531b xxu||||| |||| 00| 0 eng d
040 _aMACL
_cMACL
041 _aHindi
082 _a900 HAB
100 _aहबीब, इरफार
_960961
245 _aराष्‍ट्रीय आंदोलन
_bविचारधारा और इतिहास
_cइरफान हबीब
260 _aनई दिल्‍ली
_bसफदर हाश्‍मी मेमोरियल ट्रस्‍ट
_c2011
350 _a120
650 _aइतिहास
_960962
942 _cHIN
_k900/HAB
_2ddc
999 _c47533
_d47533